000 00368nam a2200133Ia 4500
005 20260328101531.0
008 260328s9999||||xx |||||||||||||| ||und||
100 _aBrereton, Richard
245 0 _aSketchbooks :
_bthe hidden art of Designers,illustrators & Creatives /
_cRichard Brereton
260 _bLaurence King
300 _a239 p.
650 _aDIBUJO
942 _cBK
999 _c9987
_d9987